| 000 | 00695cas a2200265 a 4500 | ||
|---|---|---|---|
| 022 | 0 | _a2163-6745 | |
| 040 | _cUUS | ||
| 082 | 1 | 0 | _a070 DFP 1912 C147 Or. |
| 245 | 0 | 0 | _aDeseret farmer. |
| 260 |
_aProvo, Utah : _bDeseret Farmer Pub. Co., _c1904-1912. |
||
| 300 |
_avolumes : _billustrations ; _c33-35 cm |
||
| 500 | _aPlace of publication varies. | ||
| 650 | 0 | _aAgriculture | |
| 650 | 0 | _aFarmers | |
| 650 | 0 | _aFarm management | |
| 650 | 0 | _aFarm produce | |
| 650 | 0 | _aFarmers' spouses | |
| 650 | 7 | _aAgriculture. | |
| 650 | 7 | _aFarm management. | |
| 650 | 7 | _aFarm produce. | |
| 650 | 7 | _aFarmers. | |
| 650 | 7 | _aFarmers' spouses. | |
| 710 | 2 | _aUtah State University. | |
| 942 | _cAEDBB | ||
| 999 |
_c18544 _d18544 |
||